| 000 | 00895nab a2200253 4500 | ||
|---|---|---|---|
| 003 | BR-BrBNA | ||
| 005 | 20240814150715.0 | ||
| 008 | 240712b bl.||||| |||| 00| 0 por d | ||
| 040 |
_aBR-BrBNA _bpor |
||
| 072 | _aT01 ; P01 | ||
| 100 | _aBarbosa, Simony Santos | ||
| 245 |
_aÉ aterrorizante, mas pode ser o nosso futuro _bMeio Ambiente |
||
| 500 | _a3 illus. | ||
| 650 | _aMEIO AMBIENTE | ||
| 650 | _aDESMATAMENTO | ||
| 650 | _aPOLUIÇÃO DA ÁGUA | ||
| 650 | _aESPÉCIE EM EXTINÇÃO | ||
| 650 | _aDEGRADAÇÃO AMBIENTAL | ||
| 650 | _aPRESERVAÇÃO DA NATUREZA | ||
| 650 | _aDESENVOLVIMENTO SUSTENTÁVEL | ||
| 773 | 0 |
_04604 _9317191 _dPalmas - Tocantins Terranova Gráfica e Editora Jornalística Ltda 2005 _o2024-3815 _tCerrado Rural Agronegócios (Brazil) _x1980-2595 _gv. 4(20) p. 20-21; (Sep 2006) _wBR2024001949 |
|
| 942 | _cAnalítica | ||
| 999 |
_c300509 _d300509 |
||